[Event "SC-2013-0-00177"]
[Site "LSS email"]
[Date "2013.02.20"]
[Round "?"]
[White "Hoehne, Volkmar"]
[Black "Anderson, James Allan"]
[Result "0-1"]
[WhiteElo "1694"]
[BlackElo "1729"]
[PlyCount "142"]
[EventDate "2013.01.30"]
[EventType "tourn (corr)"]
[EventRounds "6"]
[EventCountry "GER"]
[SourceTitle "Corr 2022"]
[Source "ChessBase"]
[SourceDate "2021.10.24"]
[SourceVersion "1"]
[SourceVersionDate "2021.10.24"]
[SourceQuality "1"]

1. d4 d5 2. c4 c6 3. Nf3 Nf6 4. e3 Bf5 5. Nc3 e6 6. Nh4 Be4 7. f3 Bg6 8. Qb3 Qc7 9. Bd2 Nbd7 10. cxd5 Nxd5 11. e4 Nxc3 12. bxc3 Bh5 13. g4 Be7 14. Ng2 Bg6 15. Be2 0-0 16. 0-0 e5 17. Qc2 Nf6 18. Kh1 Rad8 19. Rad1 exd4 20. cxd4 Rxd4 21. Ba5 Qd6 22. Qb2 Rxd1 23. Rxd1 Qb8 24. g5 Nh5 25. Rd7 Bxg5 26. Rxb7 Qd6 27. Rxa7 Bf6 28. Bc3 Bxc3 29. Qxc3 Rb8 30. Qd3 Qf6 31. Kg1 h6 32. Ra3 Rb2 33. Qe3 Rb1+ 34. Kf2 Qb2 35. Rb3 Qxa2 36. Rxb1 Qxb1 37. Qd4 Qa2 38. Qd6 Qa4 39. Ne3 Kh7 40. Qc7 Qd4 41. Qxc6 Nf4 42. Qc2 Qf6 43. Bd1 Qg5 44. Qd2 Nh3+ 45. Ke1 Bh5 46. Nf1 Qf6 47. Qc2 g6 48. Qg2 Ng5 49. Nd2 Qd4 50. h4 Ne6 51. Nb3 Qf6 52. Qf2 Nf4 53. Kd2 Qd8+ 54. Nd4 Ne6 55. Kd3 Nxd4 56. Qxd4 Qxh4 57. Ke2 Qh2+ 58. Ke1 Qg3+ 59. Qf2 Qxf2+ 60. Kxf2 f6 61. Bb3 g5 62. Kg3 Bg6 63. Be6 h5 64. Kf2 h4 65. Ke3 Bh5 66. Bd7 Kg7 67. Be6 Kf8 68. Bc4 Ke7 69. Bf1 Be8 70. Be2 Bd7 71. Bf1 Kd6 0-1

[Event "FICGS rapid A 000115 email"]
[Site "FICGS email"]
[Date "2011.09.25"]
[Round "1"]
[White "Anderson, James Allan"]
[Black "Mueller Luedenscheid, Gerdiola"]
[Result "1-0"]
[WhiteElo "1958"]
[BlackElo "2000"]
[PlyCount "33"]
[EventDate "2011.??.??"]
[EventType "tourn (rapid)"]
[EventRounds "6"]
[SourceTitle "Corr 2013"]
[Source "ChessBase"]
[SourceDate "2012.11.12"]
[SourceVersion "1"]
[SourceVersionDate "2012.11.12"]
[SourceQuality "1"]

1. d4 Nf6 2. c4 e6 3. Nc3 Bb4 4. e3 b6 5. Bd3 0-0 6. Nf3 Bb7 7. 0-0 d5 8. cxd5 exd5 9. Ne5 c5 10. a3 Bxc3 11. bxc3 Nbd7 12. f3 Re8 13. Nxd7 Qxd7 14. a4 Rac8 15. Re1 Bc6 16. Bc2 Re7 17. Ba3 1-0

[Event "FICGS rapid A 000114 email"]
[Site "FICGS email"]
[Date "2011.09.09"]
[Round "1"]
[White "Kapoor, Lalit"]
[Black "Anderson, James Allan"]
[Result "1/2-1/2"]
[WhiteElo "2091"]
[BlackElo "1958"]
[PlyCount "49"]
[EventDate "2011.??.??"]
[EventType "tourn (rapid)"]
[EventRounds "1"]
[SourceTitle "Corr 2013"]
[Source "ChessBase"]
[SourceDate "2012.11.12"]
[SourceVersion "1"]
[SourceVersionDate "2012.11.12"]
[SourceQuality "1"]

1. e4 g6 2. d4 Bg7 3. Nc3 d6 4. Be3 a6 5. Qd2 b5 6. a4 b4 7. Nd1 a5 8. c3 bxc3 9. bxc3 Nf6 10. f3 0-0 11. Bd3 Ba6 12. Bxa6 Nxa6 13. Ne2 c5 14. 0-0 cxd4 15. cxd4 Nb4 16. Rc1 Rc8 17. Nb2 Qb6 18. Bg5 e6 19. Nc4 Qa6 20. Na3 Nd7 21. Nb5 Nb6 22. Nxd6 Rxc1 23. Rxc1 Nxa4 24. Be7 Ra8 25. Rc7 1/2-1/2

[Event "FICGS rapid A 000114 email"]
[Site "FICGS email"]
[Date "2011.09.09"]
[Round "1"]
[White "Martinez, Chapo"]
[Black "Anderson, James Allan"]
[Result "0-1"]
[WhiteElo "1994"]
[BlackElo "1958"]
[PlyCount "140"]
[EventDate "2011.??.??"]
[EventType "tourn (rapid)"]
[EventRounds "1"]
[SourceTitle "Corr 2013"]
[Source "ChessBase"]
[SourceDate "2012.11.12"]
[SourceVersion "1"]
[SourceVersionDate "2012.11.12"]
[SourceQuality "1"]

1. d4 g6 2. c4 Bg7 3. e4 d6 4. Nc3 e5 5. Nf3 exd4 6. Nxd4 Nc6 7. Be3 Nge7 8. Be2 0-0 9. 0-0 f5 10. Qd2 fxe4 11. Nxe4 Nf5 12. Nxf5 Bxf5 13. Nc3 Qf6 14. Rad1 Kh8 15. Rfe1 Qf7 16. h3 Rae8 17. Nd5 b6 18. b3 Kg8 19. Bf1 Ne5 20. Bd4 Be6 21. Bb2 Rd8 22. a4 c6 23. Nb4 c5 24. Nd5 Rde8 25. Ba1 Bxd5 26. Qxd5 Qxd5 27. cxd5 g5 28. Bb5 Re7 29. Re3 Ng6 30. Re6 Rxe6 31. dxe6 Bxa1 32. Rxa1 Ne7 33. a5 Kg7 34. axb6 axb6 35. Ra7 Kf6 36. Rb7 Kxe6 37. Be2 h6 38. Bg4+ Nf5 39. Rxb6 Kd5 40. Be2 Nd4 41. Ba6 Nc2 42. Be2 Ke5 43. g3 Nd4 44. Bd1 Rf6 45. Kf1 Ke4 46. Be2 Nc2 47. Kg1 Kd4 48. Kg2 Ke5 49. Bd1 Ne1+ 50. Kf1 Nd3 51. f3 Kd4 52. Be2 Nb4 53. Kf2 Nd5 54. Rc6 Nc3 55. Ra6 h5 56. g4 h4 57. Bc4 Ke5 58. Ra8 d5 59. Bd3 Kd4 60. Bf5 Nd1+ 61. Ke2 Ne3 62. Ra4+ c4 63. bxc4 dxc4 64. Be4 Ng2 65. Kd2 Nf4 66. Ra5 c3+ 67. Ke1 Nxh3 68. Ra4+ Kc5 69. Ke2 Rd6 70. Ke3 Rd2 0-1

[Event "FICGS rapid A 000114 email"]
[Site "FICGS email"]
[Date "2011.09.09"]
[Round "1"]
[White "Staples, Daniel J"]
[Black "Anderson, James Allan"]
[Result "1/2-1/2"]
[WhiteElo "2014"]
[BlackElo "1958"]
[PlyCount "79"]
[EventDate "2011.??.??"]
[EventType "tourn (rapid)"]
[EventRounds "1"]
[SourceTitle "Corr 2013"]
[Source "ChessBase"]
[SourceDate "2012.11.12"]
[SourceVersion "1"]
[SourceVersionDate "2012.11.12"]
[SourceQuality "1"]

1. e4 g6 2. Nc3 Bg7 3. d4 d6 4. Be3 a6 5. Be2 b5 6. h4 h5 7. Nf3 Bb7 8. 0-0 Nd7 9. Ng5 Ngf6 10. a3 0-0 11. f4 Nh7 12. Qd2 Nxg5 13. hxg5 c5 14. d5 Qc7 15. f5 Be5 16. a4 b4 17. Nd1 a5 18. Bf4 c4 19. Bxe5 Nxe5 20. Qf4 Ba6 21. Rf2 c3 22. b3 Bxe2 23. Rxe2 e6 24. Ne3 exf5 25. exf5 Qc5 26. Kh2 Rab8 27. Rae1 Rbe8 28. Kg3 Rd8 29. Kh3 Qc8 30. g4 Nxg4 31. Nxg4 hxg4+ 32. Kxg4 Qxf5+ 33. Qxf5 gxf5+ 34. Kxf5 Kg7 35. Ke4 Rh8 36. Kd3 Rh5 37. Re7 Rxg5 38. Rf1 Rxd5+ 39. Kc4 Rc5+ 40. Kd4 1/2-1/2

[Event "FICGS rapid A 000113 email"]
[Site "FICGS email"]
[Date "2011.08.26"]
[Round "1"]
[White "Nenciulescu, Silviu Catalin"]
[Black "Anderson, James Allan"]
[Result "1/2-1/2"]
[WhiteElo "1943"]
[BlackElo "2000"]
[PlyCount "63"]
[EventDate "2011.??.??"]
[EventType "tourn (rapid)"]
[EventRounds "1"]
[SourceTitle "Corr 2013"]
[Source "ChessBase"]
[SourceDate "2012.11.12"]
[SourceVersion "1"]
[SourceVersionDate "2012.11.12"]
[SourceQuality "1"]

1. d4 d5 2. c4 e6 3. Nc3 c5 4. cxd5 cxd4 5. Qa4+ Bd7 6. Qxd4 exd5 7. Qxd5 Nc6 8. e3 Nf6 9. Qd1 Bc5 10. Nf3 Qe7 11. Be2 0-0-0 12. 0-0 g5 13. a3 g4 14. Nd2 Ne5 15. b4 Bb6 16. Qc2 Kb8 17. Bb2 h5 18. Rac1 g3 19. hxg3 h4 20. Nce4 Bf5 21. Nc4 Bxe4 22. Bxe5+ Qxe5 23. Nxe5 Bxc2 24. Rxc2 hxg3 25. Bf3 Rh4 26. Rfc1 Re8 27. Rc3 gxf2+ 28. Kxf2 a6 29. Kg3 Rh6 30. Kf4 Re7 31. Kf5 Nh5 32. Kg5 1/2-1/2

[Event "FICGS rapid A 000113 email"]
[Site "FICGS email"]
[Date "2011.08.26"]
[Round "1"]
[White "Vasquez, Fernando Jose Pinto"]
[Black "Anderson, James Allan"]
[Result "0-1"]
[WhiteElo "2003"]
[BlackElo "2000"]
[PlyCount "134"]
[EventDate "2011.??.??"]
[EventType "tourn (rapid)"]
[EventRounds "1"]
[SourceTitle "Corr 2013"]
[Source "ChessBase"]
[SourceDate "2012.11.12"]
[SourceVersion "1"]
[SourceVersionDate "2012.11.12"]
[SourceQuality "1"]

1. e4 g6 2. Nc3 Bg7 3. Nf3 d6 4. d4 Nf6 5. Be2 0-0 6. 0-0 e6 7. e5 dxe5 8. dxe5 Qxd1 9. Rxd1 Nfd7 10. Bf4 a6 11. Bf1 Nc6 12. Re1 h6 13. h4 b6 14. Rad1 Rd8 15. a3 Bb7 16. g4 Ne7 17. Bg2 b5 18. Kh2 Nb6 19. b3 c5 20. Kg3 c4 21. Rxd8+ Rxd8 22. b4 h5 23. Ne4 Bxe4 24. Rxe4 Nc6 25. gxh5 gxh5 26. Re1 Nd5 27. Bg5 Rd7 28. Kh3 Nde7 29. Bf4 Ng6 30. Bh2 Kf8 31. Bg3 Ke7 32. Bh1 Bh6 33. Ng5 Nd4 34. Be4 Bxg5 35. hxg5 Nf5 36. a4 Rd2 37. Ra1 Kf8 38. f3 Kg7 39. axb5 axb5 40. Ra5 Nd4 41. Ra3 Ne2 42. Bh2 Rd1 43. Bc6 Rh1 44. Kg2 Rc1 45. Be4 h4 46. Kh3 Rh1 47. Kg2 Rb1 48. Kh3 Rxb4 49. Re3 Nd4 50. f4 Rb1 51. c3 Rb3 52. Kg4 b4 53. Bg1 Nf5 54. Bxf5 exf5+ 55. Kxf5 Rxc3 56. Rxc3 bxc3 57. Kg4 h3 58. Kxh3 Nxf4+ 59. Kg4 c2 60. Be3 Nd3 61. Kf3 c1Q 62. Bxc1 Nxc1 63. Ke3 Nd3 64. e6 fxe6 65. Kd4 Ne5 66. Kc3 Kg6 67. Kd2 Kxg5 0-1

[Event "FICGS rapid A 000111 email"]
[Site "FICGS email"]
[Date "2011.07.25"]
[Round "1"]
[White "Anderson, James Allan"]
[Black "Domingo Gadea, Jordi"]
[Result "1-0"]
[WhiteElo "2000"]
[BlackElo "1920"]
[PlyCount "67"]
[EventDate "2011.??.??"]
[EventType "tourn (rapid)"]
[EventRounds "6"]
[SourceTitle "Corr 2013"]
[Source "ChessBase"]
[SourceDate "2012.11.12"]
[SourceVersion "1"]
[SourceVersionDate "2012.11.12"]
[SourceQuality "1"]

1. d4 h6 2. c4 g5 3. h4 g4 4. e4 c5 5. dxc5 Nf6 6. Nc3 Qa5 7. e5 Ne4 8. Qxg4 Nxc5 9. Nf3 Nb3 10. Rb1 Nxc1 11. Rxc1 Nc6 12. Qg3 Rh7 13. Rd1 Rg7 14. Qf4 d6 15. exd6 Rg4 16. Qe3 Be6 17. dxe7 Bg7 18. Be2 Nxe7 19. 0-0 Nf5 20. Qc1 Qc5 21. Nd5 Ng3 22. Rfe1 Nxe2+ 23. Rxe2 Rxc4 24. Qb1 Kf8 25. b3 Bxd5 26. bxc4 Qxc4 27. Re3 Kg8 28. a3 Bc6 29. Qf5 Ba4 30. Rde1 Rf8 31. Re7 Qb3 32. Ne5 a5 33. Re3 Qd1+ 34. Kh2 1-0